000 00295nam a22001337a 4500
008 260211b ||||| |||| 00| 0 eng d
020 _a9789606632778
041 _aital
080 _a00.2
100 _a20
101 _aital
245 _aTraffico in Centro
_cMarco Dominici
942 _2lcc
_cBK
999 _c60779
_d60779